[Event "Asia-ch U18 Girls"]
[Site "Al Ain"]
[Date "2023.12.18"]
[Round "6"]
[White "Rabbimova, Dilnura"]
[Black "Vuong, Quynh Anh"]
[Result "0-1"]
[WhiteElo "1633"]
[BlackElo "1869"]
[PlyCount "92"]
[EventDate "2023.12.14"]
[EventType "swiss"]
[EventRounds "9"]
[EventCountry "UAE"]
[SourceTitle "EXT 2025"]
[Source "ChessBase"]
[SourceDate "2024.10.14"]
[SourceVersion "1"]
[SourceVersionDate "2024.10.14"]
[SourceQuality "1"]

1. d4 Nf6 2. Nf3 g6 3. Bf4 Bg7 4. h3 d5 5. e3 0-0 6. Bd3 c5 7. c3 b6 8. 0-0 Bb7 9. Qe2 Nbd7 10. Nbd2 Ne4 11. Ba6 Qc8 12. Bxb7 Qxb7 13. Rad1 Ndf6 14. Be5 Nd6 15. Rfe1 Rad8 16. a3 Rfe8 17. Nh2 Rc8 18. Ng4 Nxg4 19. Qxg4 f5 20. Qf4 Bxe5 21. Qxe5 Nf7 22. Qg3 c4 23. h4 Rc6 24. Nf3 Qc7 25. Qxc7 Rxc7 26. Kf1 Rb8 27. Rb1 b5 28. b4 cxb3 29. Rxb3 Nd6 30. Nd2 Rbc8 31. Nb1 a6 32. f3 Kf7 33. Ke2 Kf6 34. Kd3 e5 35. dxe5+ Kxe5 36. Nd2 Nb7 37. f4+ Kd6 38. Ke2 Rxc3 39. Rxc3 Rxc3 40. Ra1 Nc5 41. Kf3 Nb3 42. Nxb3 Rxb3 43. h5 d4 44. Rd1 Rxe3+ 45. Kf2 Kd5 46. h6 Re7 0-1